| 000 | 00982nam a2200229Ia 4500 | ||
|---|---|---|---|
| 003 | OSt | ||
| 005 | 20210819162717.0 | ||
| 008 | 210310s1963 mx ad fr 000 0 spa d | ||
| 040 |
_aCO-JMCR _cCO-JMCR |
||
| 041 | 0 | _aspa | |
| 082 | 0 | 4 |
_a657.835 / _bG624e _223 |
| 100 | 1 |
_aGoldsmith, Raymond W., _917112 _eautor |
|
| 245 | 1 | 3 |
_aLa estructura financiera y el crecimiento económico / _cRaymond W. Goldsmith |
| 250 | _aPrimera edición | ||
| 260 |
_aMéxico : _bCentro de Estudios Monetarios Latinoamericanos, _c1963 |
||
| 300 |
_a160 páginas : _bilustraciones y gráficas a blanco y negro ; _c22 cm. |
||
| 505 | 0 | _aConsideraciones teóricas -- Desarrollo financiero y crecimiento económico en Estados Unidos -- Desarrollo financiero y crecimiento económico en América Latina -- Balances nacionales y los efectos de la inflación | |
| 650 | 1 | 4 |
_aEstados financieros _917114 |
| 650 | 2 | 4 |
_aCrecimiento económico _93636 |
| 650 | 2 | 4 |
_aDesarrollo económico _939517 |
| 942 |
_2ddc _cBK |
||
| 999 |
_c8383 _d8383 |
||